000 00712nam a22002297a 4500
999 _c15257
_d15257
003 AR-CdUCM
008 190426b ||||| |||| 00| 0 spa d
020 _a978-84-205-5864-6
040 _aMUNICIPALIDAD PROVINCIAL DEL CUSCO
_cBIBLIOTECA MUNICIPAL DEL CUSCO
082 _aPi 376.1 /
_bF38
100 _aFerrero, Mar
_934303
245 _aLo mejor del mundo /
260 _aMadrid :
_bPearson educación,
_c2011.
300 _c20 cm.
_bIlustración
440 _aColección alhambra
_934304
500 _aEl texto no cuenta con numeración de página.
650 _aAprendizaje infantil
_933271
650 _aDibujos
_92628
650 _aInfancia
_95236
942 _2ddc
_cLIBROS
945 _arah
_d26/04/2019